000 00987cam a2200301 a 4500
005 20260322212017.0
008 data
010 _a 96038528
020 _a0345395433
020 _a9780345395436
040 _aDLC
_cDLC
_dDLC
043 _an-us---
050 0 0 _aBX1406.2
_b.W55 1996
082 0 0 _a248.4/82
_220
092 _a248.4 W55 1996
100 1 _aWilkes, Paul,
_d1938-
245 1 4 _aThe good enough Catholic :
_ba guide for the perplexed /
_cPaul Wilkes.
250 _a1st ed.
260 _aNew York :
_bBallantine Books,
_c1996.
300 _axxiii, 354 p. ;
_c25 cm.
504 _a"Electronic resources": p. [321-322).
504 _aIncludes bibliographical references (p. [327]-334) and index.
610 2 0 _aCatholic Church
_xDoctrines.
650 0 _aCatholics
_zUnited States
_xReligion.
650 0 _aCatholics
_zUnited States
_xSocial life and customs.
856 4 2 _3Publisher description
_uhttp://www.loc.gov/catdir/description/random0412/96038528.html
001 data
999 _c378
_d378